000 00458nam a2200157 4500
020 _a0801406188
040 _cDLC
082 0 0 _a381 COR 1971 A074 Or.
100 1 _aLele, Uma J.
245 1 0 _aFood grain marketing in India;
_bprivate performance and public policy,
260 _aIthaca [N.Y.]
_bCornell University Press
_c[1971]
300 _axviii, 264 p.
_billus., maps.
_c23 cm.
650 0 _aGrain trade
650 0 _aAgriculture and state
942 _cEK
999 _c15191
_d15191